000 00462nam a22001812 4500
001 0000005563
005 20151217160107.0
008 070619s xx 000 0 eng d
040 _aKABU
_cKABU
050 0 _aPZ7
_b.M3S86
100 1 _aMatindi, Anne.
_@0000156819
245 1 4 _aThe Sun and the wind.
260 _aNairobi :
_bEAPH,
_c1967.
300 _a25 p.
908 _a070619
950 _@1
999 _c14131
_d14131